000 00239nam a2200097Ia 4500
001 661076
005 20250826160126.0
008 250824s9999 xx 000 0 und d
245 0 _aDÜNYANIN EN ŞİŞMANI
_cSEVİM AK
260 _bDOĞAN EGMONT
999 _c661076
_d661076